LEADER 01057nam a2200193 i 4500 001 000000252758 003 CaOOAMICUS 005 20170202000000.0 008 170202s1750 it u000 u ita u 013 $a231663 026 $avivi e-di u-he bite (3) 1750 (R) 040 $aSeMil$bita 245 10$aTomo 3. 300 $a[4], 302, [2] p. 500 $aSegn.: pg2 A-T8 (T8 bianca). 773 0 $aServiez, Jacques Roergas : de <1679-1727>$tImperadrici romane, overo la storia della vita, e de' maneggi segreti delle mogli de' dodici Cesari, di quelle degl'imperadori di Roma, e delle principesse del loro sangue. Nella quale si scorgono li punti più importanti della storia romana tratta dagli antichi storici greci, e latini, ed arricchita di note storiche, e critiche. Tradotta dal francese in italiano. Tomo 1. [-3.].$dIn Napoli : Appresso Benedetto, ed Ignazio Gessari, 1749-1750.$g3$w()13337 850 $aSeMil 852 $aSeMil$W1$xVenegono$y1$m3S VII 52 FA$j203104$B203104$CSeMilBibl$Z2$F215823 $8I 996 $6245$aTomo 3$9(OLS)http://semarc/title/53129 LEADER 00730nam a2200181 i 4500 001 000000222281 003 CaOOAMICUS 005 20130930000000.0 008 130930s1785 it u000 u fre u 013 $a201178 026 $aE.RE I.V. mes. J'da (3) 1785 (A) 040 $aSeMil$bita 245 10$a[Dictionnaire philosophique. Tome 7.]. 300 $a[4], 528 p. 773 0 $aVoltaire <1694-1778>$tOeuvres completes de Voltaire. Tome 1. [-92.].$d[Kehl] : De l'Imprimerie de la Société Littéraire-typographique, 1785-1789.$g53$w()4088 850 $aSeMil 852 $aSeMil$W1$xVenegono$y1$m2Q IV 128 FA$j172627$B172627$CSeMilBibl$Z2$F183595 $8I 996 $6245$a[Dictionnaire philosophique. Tome 7.]$9(OLS)http://semarc/title/318599